000 01452nam a2200433 c 4500
001 51545
003 ES-MaCES
005 20220805142803.0
007 cr |||||||||||
008 201118s2020 sp | |||| 000 0 spa
017 _aC 1800-2019
_bDL
020 _a9788418025167
040 _aES-MaCES
_bspa
_cES-MaCES
100 1 _939756
_aMartín Vales, Priscila
245 1 0 _aAnálisis jurisprudencial de los supuestos de subcontratación
_cPriscila Martín Vales
250 _a1ª ed
260 _aA Coruña
_bColex
_c2020
300 _a241 p.
_c20 cm
500 _aPublicación en formato DÚO (papel + libro ectrónico). Disponible en formato electrónico en COLEX Online
500 _aAnexo jurisprudencial: p. 199-249
504 _aBibliografía: p. 193 -197
541 0 _cCompra
650 4 _asubcontratación
_928256
650 4 _acontrata
_929009
650 4 _atrabajo subcontratado
_928310
650 4 _adescentralización
_927218
650 4 _areestructuración empresarial
_930602
650 4 _aderechos de los trabajadores
_929924
650 4 _aresponsabilidad del empleador
_930146
650 4 _aadministración pública
_927214
650 4 _aderecho del trabajo
_927165
650 4 _ajurisprudencia
_928624
650 4 _aderecho jurisprudencial
_929863
650 4 _aEspaña
_926964
653 _aJurisprudencia
856 4 _uhttps://www.colex.es
_yCOLEX
902 _aLIB Libro
942 _2CES
_cBK
_h6.2.
999 _c51545
_d51545